000 00575nam a2200205Ia 4500
001 14934
003 GE_BSU
008 181216s||||||||xx |||||||||||||| ||und||
040 _cGE_BSU
080 _a510
100 _aБелый,Ю.А.
245 _aИоганн Мюллер(Региомонтан) 1436-1476
245 _cОтв.ред.А.А.Михаилов, Б.А.Розенфельд
260 _aМосква
260 _bНаука
260 _c1985
300 _a126стр.20см.
653 _aИоганн Мюллер(Региомонтан)
942 _cBK
999 _c48054
_d48054